|
|
|
|
| LEADER |
00854cam a2200229 7i4500 |
| 001 |
0000009014 |
| 005 |
20210108090000.0 |
| 020 |
|
|
|a 0130655880 (hbk.)
|
| 020 |
|
|
|a 9780130655882
|
| 090 |
0 |
0 |
|a QD251.2
|b .M52 2004
|
| 100 |
1 |
|
|a Miller, Bernard
|
| 245 |
1 |
0 |
|a Advanced organic chemistry :
|b reactions and mechanisms
|c Bernard Miller.
|
| 250 |
|
|
|a 2nd ed.
|
| 260 |
|
|
|a Upper Saddle River, N.J.:
|b Pearson Education, Inc.,
|c 2004.
|
| 300 |
|
|
|a xvi, 411 p.:
|b ill.;
|c 24 cm.
|
| 504 |
|
|
|a Includes bibliographical references and index
|
| 650 |
0 |
0 |
|a Chemistry, Organic
|
| 997 |
|
|
|a Engineering & Life Sciences, Faculty
|b Science & Biotechnology, Department
|
| 998 |
|
|
|a Bioinformatics, Degree
|
| 998 |
|
|
|a Biotechnology, Degree
|
| 999 |
|
|
|a 0000011880
|b BOK
|c OPEN SHELF
|e 2nd Floor, Bestari Jaya
|
| 999 |
|
|
|a 0000012662
|b BOK
|c OPEN SHELF
|e 2nd Floor, Bestari Jaya
|